| 000 | 00568nam a2200193 u 4500 | ||
|---|---|---|---|
| 005 | 20240813063756.0 | ||
| 008 | 101012s2007 mx r 000 0 spa d | ||
| 020 | _a9689006118 | ||
| 035 | _aUPN01000178135 | ||
| 049 | _aC | ||
| 050 | 4 |
_aLB17 _bE5.7 |
|
| 245 | 0 | 0 |
_aEnciclopedia temática estudiantil / _ccoord. Rosa Escatín. |
| 260 |
_aMéxico : _bThema, _c[2007]. |
||
| 300 |
_a895 p. : _bil. col. |
||
| 650 | 4 |
_aEDUCACION PRIMARIA - _vENCICLOPEDIAS _917088 |
|
| 650 | 4 |
_aEnciclopedias y diccionarios _92648 |
|
| 700 | 1 |
_aEscatín, Rosa, _ecoord. |
|
| 905 | _aLibro | ||
| 999 |
_c150238 _d150238 |
||